Sexualidad, género y roles sexuales / (Record no. 93071)

MARC details
000 -CABECERA
campo de control de longitud fija 00765nam a2200241 a 4500
005 - FECHA Y HORA DE LA ÚLTIMA TRANSACCIÓN
campo de control 20230304063658.0
008 - ELEMENTOS DE LONGITUD FIJA--INFORMACIÓN GENERAL
campo de control de longitud fija 021105s1999 mx r 000 0 spa d
020 ## - NÚMERO INTERNACIONAL NORMALIZADO PARA LIBROS
Número Internacional Estándar del Libro 9505573391
035 ## - NÚMERO DE CONTROL DEL SISTEMA
Número de control de sistema UPN01000120737
049 ## - COLECCIÓN
Colección CG
050 #4 - SIGNATURA TOPOGRÁFICA DE LA BIBLIOTECA DEL CONGRESO
Número de clasificación HQ1075
Número de documento/Ítem S4.9
245 00 - MENCIÓN DE TÍTULO
Título Sexualidad, género y roles sexuales /
Mención de responsabilidad, etc. comp. Marysa Navarro, Catharine R. Stimpson.
260 ## - PUBLICACIÓN, DISTRIBUCIÓN, ETC.
Lugar de publicación, distribución, etc. Buenos Aires :
Nombre del editor, distribuidor, etc. FCE,
Fecha de publicación, distribución, etc. 1999.
300 ## - DESCRIPCIÓN FÍSICA
Extensión 262 p.
440 #3 - MENCIÓN DE SERIE/ASIENTO SECUNDARIO--TÍTULO
Título Un nuevo saber.
Nombre de parte o sección de la obra Los estudios de mujeres ;
Designación de volumen o secuencia 2
440 #0 - MENCIÓN DE SERIE/ASIENTO SECUNDARIO--TÍTULO
Título Tezontle
590 ## - NOTA LOCAL (RLIN)
Nota local Bibliografía Básica (BGTQ)
590 ## - NOTA LOCAL (RLIN)
Nota local (También localizas un ejemplar en el "Area de Reserva")
650 #4 - ASIENTO SECUNDARIO DE MATERIA - TERMINO TEMATICO
Término de materia o nombre geográfico como elemento de entrada Rol sexual
9 (RLIN) 5307
700 1# - ASIENTO SECUNDARIO--NOMBRE DE PERSONAL
Nombre de persona Navarro, Marysa,
Término indicativo de función/relación comp.
9 (RLIN) 29738
700 1# - ASIENTO SECUNDARIO--NOMBRE DE PERSONAL
Nombre de persona Stimpson, Catharine R.,
Término indicativo de función/relación comp.
905 ## - TIPO DE MATERIAL
Tipo de material Libro
Holdings
Estado de retiro Estado de pérdida Fuente del sistema de clasificación o colocación Estado dañado No para préstamo Código de colección Localización permanente Ubicación/localización actual Ubicación en estantería Fecha de adquisición Total de préstamos Clasificación Código de barras Fecha visto por última vez Fecha del último préstamo Número de copia Tipo de ítem Koha Restricciones de uso Renovaciones totales
    Library of Congress Classification     Colección General Bib. Gregorio Torres Quintero Bib. Gregorio Torres Quintero Planta baja 13/09/2022 48 HQ1075 S4.9 245745 20/09/2022 13/09/2022 1 Libro    
    Library of Congress Classification     Bibliografía básica Bib. Gregorio Torres Quintero Bib. Gregorio Torres Quintero Colecciones especiales Planta alta 30/01/2023 36 HQ1075 S4.9 245744 31/12/2020   1 Libro por horas Préstamo por horas  
    Library of Congress Classification     Colección General Bib. Gregorio Torres Quintero Bib. Gregorio Torres Quintero Planta baja 30/08/2022 42 HQ1075 S4.9 195401 27/09/2022 30/08/2022 1 Libro   1
    Library of Congress Classification     Colección General Bib. Gregorio Torres Quintero Bib. Gregorio Torres Quintero Planta baja   27 HQ1075 S4.9 195400 31/12/2020   1 Libro    
    Library of Congress Classification     Colección General Bib. Gregorio Torres Quintero Bib. Gregorio Torres Quintero Planta baja   27 HQ1075 S4.9 195402 31/12/2020   1 Libro